Cargando...

All the men of the bible. A portrait gallery and reference library of moree than 3000 biblical characters. /

Detalles Bibliográficos
Autor Principal: Lockyer, Herbert
Idioma:Undetermined
Publicado: Zondervan Pub House , 1958.
LEADER 00519nam a2200133Ia 4500
001 78078
008 170722s9999 xx 000 0 und d
100 |a Lockyer, Herbert 
245 |a All the men of the bible.  |b A portrait gallery and reference library of moree than 3000 biblical characters. / 
260 |b Zondervan Pub House ,  |c 1958. 
300 |a 382 p.  |c 23.5cms 
942 |c GEN 
999 |c 102003  |d 102003 
952 |0 0  |1 0  |4 0  |6 Q_621GY16K_J8  |7 0  |8 CR  |9 143383  |a LIB  |b LIB  |d 2017-08-12  |h CR  |o Q6:21:g(Y16)k J8  |p 191386  |r 2017-08-12  |w 2017-08-12  |y GEN